00323nam a2200109Ia 4500008004100000020001800041040002900059050002400088100003500112245003400147260003200181221216s9999||||xx |||||||||||||| ||und|| a9780406081803 cChuka University Library aKD 7498 b.H49 1996 aHeydon, J.D. AND Mark Ocketton 0aEvidence:cases and materials  aButterworths bLondonc1996